header

Educational psychology / (Record no. 250672)

MARC details
000 -LEADER
fixed length control field 01021pam a22003017a 4500
001 - CONTROL NUMBER
control field 16037193
003 - CONTROL NUMBER IDENTIFIER
control field OSt
005 - DATE AND TIME OF LATEST TRANSACTION
control field 20151015075937.0
008 - FIXED-LENGTH DATA ELEMENTS--GENERAL INFORMATION
fixed length control field 091229s2010 at a b 001 0 eng
010 ## - LIBRARY OF CONGRESS CONTROL NUMBER
LC control number 2009675370
020 ## - INTERNATIONAL STANDARD BOOK NUMBER
International Standard Book Number 9781442516977 (pbk.)
040 ## - CATALOGING SOURCE
Original cataloging agency ANL
Language of cataloging eng
Modifying agency ANL
Transcribing agency DLC
042 ## - AUTHENTICATION CODE
Authentication code lccopycat
050 00 - LIBRARY OF CONGRESS CALL NUMBER
Classification number LB1051
Item number .W74 2010
082 04 - DEWEY DECIMAL CLASSIFICATION NUMBER
Classification number 370.15
Edition number 22
100 1# - MAIN ENTRY--PERSONAL NAME
Personal name Hoy, Anita Woolfolk,
Dates associated with a name 1947-
245 10 - TITLE STATEMENT
Title Educational psychology /
Statement of responsibility, etc Anita Woolfolk, Kay Margetts.
250 ## - EDITION STATEMENT
Edition statement 2nd ed.
260 ## - PUBLICATION, DISTRIBUTION, ETC. (IMPRINT)
Place of publication, distribution, etc Frenchs Forest, N.S.W. :
Name of publisher, distributor, etc Pearson,
Date of publication, distribution, etc c2010.
300 ## - PHYSICAL DESCRIPTION
Extent xvi, 648 p. :
Other physical details col. ill. ;
Dimensions 28 cm.
500 ## - GENERAL NOTE
General note Previous ed.: 2007.
504 ## - BIBLIOGRAPHY, ETC. NOTE
Bibliography, etc Includes bibliographical references (p. 586-635) and index.
650 #0 - SUBJECT ADDED ENTRY--TOPICAL TERM
Topical term or geographic name as entry element Educational psychology.
700 1# - ADDED ENTRY--PERSONAL NAME
Personal name Margetts, Kay.
906 ## - LOCAL DATA ELEMENT F, LDF (RLIN)
a 7
b ibc
c copycat
d 3
e ncip
f 20
g y-gencatlg
942 ## - ADDED ENTRY ELEMENTS (KOHA)
Source of classification or shelving scheme Library of Congress Classification
Koha item type Long Loan Books
Holdings
Withdrawn status Lost status Source of classification or shelving scheme Damaged status Not for loan Collection code Home library Current library Shelving location Date acquired Full call number Barcode Date last seen Price effective from Koha item type Total Checkouts Checked out Date checked out
    Library of Congress Classification     Non-fiction Rongo University Library Rongo University Library General Stacks 15/10/2015 LB1051 .W74 2010 20155263 06/05/2025 15/10/2015 Long Loan Books      
    Library of Congress Classification     Non-fiction Rongo University Library Sori Campus General Stacks 15/10/2015 LB1051 .W74 2010 20155265 19/06/2025 15/10/2015 Long Loan Books 6 01/07/2026 19/06/2025

© 2026 Rongo University
Contact us: librarian | system librarian | Rongo university